000 00620nam a2200157Ia 4500
003 GCL
005 20240530105326.0
008 140319s9999 xx 000 0 ara d
040 _aGCL /
_cGCL
082 0 4 _a346.048 /
_bع ح
100 1 _4عبدالحميد المنشاوى
245 1 0 _aحق المؤلف واحكام الرقابة على المصنفات طبقا للتعديلات الورادة بالقانون رقم 38 لسنة 1992 /
_bعبدالحميد المنشاوى
260 _a[ الاسكندرية ] :
_bدار الفكر الجامعى ،
_c1994
300 _a344 ص
_b24 سم
942 _2ddc
_cBK
999 _c54945
_d54945